<?xml version="1.0" encoding="UTF-8"?>
<record
    xmlns:xsi="http://www.w3.org/2001/XMLSchema-instance"
    xsi:schemaLocation="http://www.loc.gov/MARC21/slim http://www.loc.gov/standards/marcxml/schema/MARC21slim.xsd"
    xmlns="http://www.loc.gov/MARC21/slim">

  <leader>01454nam2a22003611  4500</leader>
  <controlfield tag="001">RU\NLR\A1SV\29969</controlfield>
  <controlfield tag="005">20251203152403.2</controlfield>
  <datafield tag="035" ind1=" " ind2=" ">
    <subfield code="a">(NLR Aleph) 009713869</subfield>
  </datafield>
  <datafield tag="090" ind1=" " ind2=" ">
    <subfield code="a">13479270</subfield>
    <subfield code="c">13479270</subfield>
  </datafield>
  <datafield tag="100" ind1=" " ind2=" ">
    <subfield code="a">20110205d1919    u  y0rusy50      ca</subfield>
  </datafield>
  <datafield tag="101" ind1="0" ind2=" ">
    <subfield code="a">rus</subfield>
  </datafield>
  <datafield tag="200" ind1="0" ind2=" ">
    <subfield code="a">&#x412;&#x44B;&#x43F;.1</subfield>
  </datafield>
  <datafield tag="215" ind1=" " ind2=" ">
    <subfield code="a">&#x421;.263-446</subfield>
    <subfield code="c">&#x438;&#x43B;.</subfield>
  </datafield>
  <datafield tag="300" ind1=" " ind2=" ">
    <subfield code="a">&#x410;&#x432;&#x442;. &#x441;&#x442;.: &#x41A;&#x440;&#x44B;&#x43C;&#x43E;&#x432;, &#x410;.&#x41F;., &#x43F;&#x440;&#x43E;&#x444;. &#x410;&#x441;&#x442;&#x440;&#x43E;&#x432;, &#x41C;.&#x421;., &#x41B;&#x430;&#x434;&#x44B;&#x433;&#x438;&#x43D;, &#x41C;.&#x418;., &#x41F;&#x43E;&#x43F;&#x43E;&#x432;, &#x425;.&#x410;., &#x411;&#x440;&#x435;&#x439;&#x446;&#x435;&#x432;, &#x412;.&#x420;., &#x43F;&#x440;&#x438;&#x432;.-&#x434;&#x43E;&#x446;., &#x413;&#x435;&#x434;&#x440;&#x43E;&#x439;&#x446;, &#x412;.&#x418;., &#x41A;&#x440;&#x43E;&#x43D;, &#x41D;.&#x41C;., &#x411;&#x430;&#x440;&#x430;&#x434;&#x443;&#x43B;&#x438;&#x43D;, &#x413;.&#x418;., &#x43F;&#x440;&#x438;&#x432;.-&#x434;&#x43E;&#x446;.</subfield>
  </datafield>
  <datafield tag="300" ind1=" " ind2=" ">
    <subfield code="a">&#x411;&#x435;&#x437; &#x442;&#x438;&#x442;. &#x43B;.</subfield>
  </datafield>
  <datafield tag="311" ind1=" " ind2=" ">
    <subfield code="a">&#x41E;&#x442;&#x442;. &#x438;&#x437;: &#x425;&#x438;&#x440;&#x443;&#x440;&#x433;. &#x430;&#x440;&#x445;&#x438;&#x432; 1917 &#x433;. &#x41A;&#x43D;.4-6</subfield>
  </datafield>
  <datafield tag="320" ind1=" " ind2=" ">
    <subfield code="a">&#x411;&#x438;&#x431;&#x43B;&#x438;&#x43E;&#x433;&#x440;.: &#x441;.401-402 &#x438; &#x432; &#x43A;&#x43E;&#x43D;&#x446;&#x435; &#x43E;&#x442;&#x434;. &#x441;&#x442;.</subfield>
  </datafield>
  <datafield tag="461" ind1=" " ind2="1">
    <subfield code="1">001RU\NLR\A1SV\29968</subfield>
    <subfield code="1">2000#$v&#x412;&#x44B;&#x43F;.1</subfield>
    <subfield code="9">9846435</subfield>
    <subfield code="c">&#x41F;&#x433;.</subfield>
    <subfield code="d">1919</subfield>
    <subfield code="n">&#x418;&#x437;&#x434;-&#x432;&#x43E; "&#x41D;&#x430;&#x443;&#x447;.-&#x43C;&#x435;&#x434;. &#x43E;&#x442;&#x434;. &#x41A;&#x43E;&#x43C;. &#x43D;&#x430;&#x440;. &#x43F;&#x440;&#x43E;&#x441;&#x432;."</subfield>
    <subfield code="t">&#x421;&#x431;&#x43E;&#x440;&#x43D;&#x438;&#x43A; &#x441;&#x442;&#x430;&#x442;&#x435;&#x439; &#x43F;&#x43E; &#x445;&#x438;&#x440;&#x443;&#x440;&#x433;&#x438;&#x438;</subfield>
    <subfield code="v">&#x412;&#x44B;&#x43F;.1</subfield>
  </datafield>
  <datafield tag="702" ind1=" " ind2="1">
    <subfield code="a">&#x41A;&#x440;&#x44B;&#x43C;&#x43E;&#x432;</subfield>
    <subfield code="b">&#x410;.&#x41F;.</subfield>
  </datafield>
  <datafield tag="702" ind1=" " ind2="1">
    <subfield code="a">&#x410;&#x441;&#x442;&#x440;&#x43E;&#x432;</subfield>
    <subfield code="b">&#x41C;.&#x421;.</subfield>
  </datafield>
  <datafield tag="702" ind1=" " ind2="1">
    <subfield code="a">&#x41B;&#x430;&#x434;&#x44B;&#x433;&#x438;&#x43D;</subfield>
    <subfield code="b">&#x41C;.&#x418;.</subfield>
  </datafield>
  <datafield tag="702" ind1=" " ind2="1">
    <subfield code="a">&#x41F;&#x43E;&#x43F;&#x43E;&#x432;</subfield>
    <subfield code="b">&#x425;.&#x410;.</subfield>
  </datafield>
  <datafield tag="702" ind1=" " ind2="1">
    <subfield code="a">&#x411;&#x440;&#x435;&#x439;&#x446;&#x435;&#x432;</subfield>
    <subfield code="b">&#x412;.&#x420;.</subfield>
  </datafield>
  <datafield tag="702" ind1=" " ind2="1">
    <subfield code="a">&#x413;&#x435;&#x434;&#x440;&#x43E;&#x439;&#x446;</subfield>
    <subfield code="b">&#x412;.&#x418;.</subfield>
    <subfield code="f">1870-1932</subfield>
    <subfield code="g">&#x412;&#x435;&#x440;&#x430; &#x418;&#x433;&#x43D;&#x430;&#x442;&#x44C;&#x435;&#x432;&#x43D;&#x430;</subfield>
  </datafield>
  <datafield tag="702" ind1=" " ind2="1">
    <subfield code="a">&#x41A;&#x440;&#x43E;&#x43D;</subfield>
    <subfield code="b">&#x41D;.&#x41C;.</subfield>
  </datafield>
  <datafield tag="702" ind1=" " ind2="1">
    <subfield code="a">&#x411;&#x430;&#x440;&#x430;&#x434;&#x443;&#x43B;&#x438;&#x43D;</subfield>
    <subfield code="b">&#x413;.&#x418;.</subfield>
  </datafield>
  <datafield tag="801" ind1=" " ind2="0">
    <subfield code="a">RU</subfield>
    <subfield code="b">NLR</subfield>
    <subfield code="c">20110205</subfield>
  </datafield>
  <datafield tag="899" ind1=" " ind2=" ">
    <subfield code="a">&#x420;&#x41D;&#x411;</subfield>
  </datafield>
  <datafield tag="942" ind1=" " ind2=" ">
    <subfield code="c">BOOK</subfield>
  </datafield>
  <datafield tag="980" ind1=" " ind2=" ">
    <subfield code="a">A1SV</subfield>
  </datafield>
  <datafield tag="980" ind1=" " ind2=" ">
    <subfield code="a">A1SV</subfield>
  </datafield>
  <datafield tag="980" ind1=" " ind2=" ">
    <subfield code="a">NB</subfield>
  </datafield>
</record>
